Normal view
MARC view
- CIRCUITS FOR ELECTRICAL AND COMPUTER ENGINEERING.ELECTRIC CIRCUITS.CIRCUIT ANALYSIS
Entry Topical Term
001 - CONTROL NUMBER
- control field: 57391
003 - CONTROL NUMBER IDENTIFIER
- control field: NUST
005 - DATE AND TIME OF LATEST TRANSACTION
- control field: 20210628201920.0
008 - FIXED-LENGTH DATA ELEMENTS
- fixed length control field: 210628|| aca||aabn | a|a d
040 ## - CATALOGING SOURCE
- Original cataloging agency: NUST
- Transcribing agency: NUST
150 ## - HEADING--TOPICAL TERM
- Topical term or geographic name entry element: CIRCUITS FOR ELECTRICAL AND COMPUTER ENGINEERING.ELECTRIC CIRCUITS.CIRCUIT ANALYSIS
670 ## - SOURCE DATA FOUND
- Source citation: Work cat.: (NUST): Nilsson, James W ,Riedel, Susan A 57390, Introductory circuits for electrical and computer engineering, 2002
